[Event "AUS-ch U12"]
[Site "Mooroolbark"]
[Date "2011.01.20"]
[Round "3"]
[White "Cheah, Matthew"]
[Black "Behar, Joshua"]
[Result "0-1"]
[WhiteElo "867"]
[BlackElo "1390"]
[PlyCount "130"]
[EventDate "2011.01.19"]
[EventType "swiss"]
[EventRounds "9"]
[EventCountry "AUS"]
[SourceTitle "EXT 2013"]
[Source "ChessBase"]
[SourceDate "2012.11.22"]
[SourceVersion "1"]
[SourceVersionDate "2012.11.22"]
[SourceQuality "1"]

1. e4 e6 2. d4 d5 3. Nc3 Nf6 4. e5 Nfd7 5. f4 c5 6. Nf3 Nc6 7. Be3 a6 8. Qd2 b5 9. Be2 Be7 10. 0-0 0-0 11. f5 b4 12. Na4 exf5 13. Ng5 cxd4 14. Nxf7 Rxf7 15. e6 Rf8 16. exd7 Bxd7 17. Bf4 a5 18. Rf3 Bf6 19. Nc5 Ne7 20. Rh3 Ng6 21. Nd3 Re8 22. Bf3 Be6 23. Nc5 Bc8 24. Nd3 Nh4 25. Rg3 Nxf3+ 26. Rxf3 Kh8 27. Raf1 g6 28. Rh3 g5 29. Bg3 f4 30. Rh6 Bg7 31. Rh5 Bg4 32. Nxf4 gxf4 33. Rh4 fxg3 34. Rxg4 gxh2+ 35. Kxh2 Qc7+ 36. Kh1 Re4 37. Qg5 Rxg4 38. Qxg4 Ra6 39. Qe2 Rh6+ 40. Kg1 Qh2+ 41. Kf2 Rf6+ 42. Ke1 Rxf1+ 43. Kxf1 Qf4+ 44. Kg1 Qe3+ 45. Qxe3 dxe3 46. Kf1 Bxb2 47. Ke2 d4 48. g3 Kg7 49. g4 Kg6 50. g5 Kxg5 51. Kd3 Bc3 52. Ke2 h5 53. Kd3 h4 54. Ke2 h3 55. Kd3 h2 56. Ke2 h1Q 57. Kd3 Qd1+ 58. Kc4 Qe2+ 59. Kd5 Kf5 60. Kc5 Ke5 61. Kb6 Kd6 62. a4 Qf3 63. Kxa5 b3+ 64. Ka6 Kc7 65. Kb5 Qc6# 0-1

[Event "AUS-ch U12"]
[Site "Mooroolbark"]
[Date "2011.01.20"]
[Round "4"]
[White "Slater Jones, Tom"]
[Black "Cheah, Matthew"]
[Result "1-0"]
[WhiteElo "1050"]
[BlackElo "867"]
[PlyCount "143"]
[EventDate "2011.01.19"]
[EventType "swiss"]
[EventRounds "9"]
[EventCountry "AUS"]
[SourceTitle "EXT 2013"]
[Source "ChessBase"]
[SourceDate "2012.11.22"]
[SourceVersion "1"]
[SourceVersionDate "2012.11.22"]
[SourceQuality "1"]

1. d4 d5 2. c4 c6 3. Bf4 Nf6 4. e3 Bf5 5. Nc3 e6 6. Nf3 Bd6 7. Bxd6 Qxd6 8. c5 Qc7 9. h3 Nbd7 10. Bd3 Bg6 11. 0-0 Bh5 12. Be2 h6 13. Nh4 Bxe2 14. Nxe2 Ne4 15. Qc2 0-0 16. Nc3 Ndf6 17. Nxe4 Nxe4 18. Nf3 Rae8 19. Nd2 f5 20. Nf3 f4 21. Ne5 f3 22. Nxf3 Rxf3 23. gxf3 Ng5 24. Kg2 Rf8 25. f4 Qe7 26. Qe2 Ne4 27. Qg4 Rf6 28. Rad1 Qf7 29. Kh2 Rg6 30. Qf3 Ng5 31. Qg4 Ne4 32. Qh4 h5 33. Rg1 Rxg1 34. Rxg1 Nd2 35. Qg3 h4 36. Qg2 Nc4 37. b3 Nd2 38. f3 Nc4 39. bxc4 dxc4 40. Qg5 c3 41. Qd8+ Kh7 42. Qxh4+ Kg8 43. Rg2 e5 44. dxe5 b6 45. cxb6 axb6 46. Qd8+ Kh7 47. Qd3+ Kh8 48. Qxc3 c5 49. Qd3 b5 50. Qxb5 c4 51. Qb2 Qc7 52. Qc3 Qc6 53. Rf2 Qe6 54. e4 Kh7 55. f5 Qh6 56. f4 Qh4 57. Qg3 Qe7 58. Qg6+ Kh8 59. f6 gxf6 60. Qxf6+ Qxf6 61. exf6 Kg8 62. Rc2 Kf7 63. e5 c3 64. Rxc3 Kg8 65. Rc7 Kf8 66. a4 Ke8 67. a5 Kd8 68. Rh7 Kc8 69. a6 Kb8 70. Re7 Kc8 71. a7 Kd8 72. a8Q# 1-0

[Event "AUS-ch U12"]
[Site "Mooroolbark"]
[Date "2011.01.19"]
[Round "2"]
[White "Gamage, Thumula"]
[Black "Cheah, Matthew"]
[Result "0-1"]
[WhiteElo "786"]
[BlackElo "867"]
[PlyCount "112"]
[EventDate "2011.01.19"]
[EventType "swiss"]
[EventRounds "9"]
[EventCountry "AUS"]
[SourceTitle "EXT 2013"]
[Source "ChessBase"]
[SourceDate "2012.11.22"]
[SourceVersion "1"]
[SourceVersionDate "2012.11.22"]
[SourceQuality "1"]

1. d4 d5 2. c4 c6 3. Nf3 Nf6 4. Nc3 dxc4 5. e4 b5 6. Bf4 Bg4 7. a3 e6 8. Be2 Be7 9. 0-0 0-0 10. h3 Bh5 11. Re1 Bg6 12. Bf1 a6 13. Ne5 Nh5 14. Nxg6 hxg6 15. Bh2 Nf6 16. f3 Qb6 17. Kh1 Rd8 18. Bg1 Nh5 19. Bf2 Qc7 20. e5 Nd7 21. g4 Nf4 22. Be3 Nd5 23. Nxd5 cxd5 24. Rc1 Nb6 25. b4 Na4 26. Bd2 Bh4 27. Re3 Bf2 28. Re2 Bxd4 29. Bg5 Bb6 30. Bxd8 Qxd8 31. Rd2 Be3 32. Rcc2 Bxd2 33. Rxd2 Qg5 34. Re2 Nc3 35. Qc2 Nxe2 36. Qxe2 Rc8 37. Qf2 c3 38. f4 Qe7 39. Qc2 Qh4 40. Kg2 Qe1 41. Be2 Qd2 42. Qxd2 cxd2 43. Kf2 Rc1 44. h4 d1Q 45. Bxd1 Rxd1 46. h5 Rd3 47. hxg6 Rxa3 48. gxf7+ Kxf7 49. f5 Rb3 50. fxe6+ Kxe6 51. Ke2 Rxb4 52. Kd3 Rc4 53. g5 b4 54. g6 b3 55. Kd2 b2 56. Kd3 b1Q+ 0-1